01607cam a22003854i 4500003000900000005001700009008004100026020001500067035002700082040003300109049000900142082002200151100003300173245003000206264005000236300003800286336002100324337002500345338002300370505016400393526000900557526000900566526000800575526000800583526000800591600002400599650004700623942001400670949013200684994001400816596000600830999015900836980005500995952017101050PE-LiUPU20250731184103.0150623s r 000 0 d a0385240406 a(Sirsi) i9780385240406 aPE-LiUPUbspacPE-LiUPUerda aPRUA04a818.5402bC792211 aCosby, Bill,d1937-,eautor.10aTime flies /cBill Cosby. 1aDoubleday, New York :bA Dolphin Book,c1987. a176 páginas ;c21 centímetros atext2rdacontent aunmediated2rdamedia avolume2rdacarrier0 aFrom temple to tire rack. That magician, your mind. Could I have a second opinion?. Do the legs go before the mind?. Time lurches on. Fifty is nifty after all. aP145 aP127 aP97 aP14 aP071 aCosby, Bill.d1937-04aComediantesxBiografíaszEstados Unidos. 2ddccBOOK a818.5402 C79wDEWEYc1i51574lCCODEBUL1mBULp10.00r0sYtBOOKu2015-6-24xTEOLOGIAPP350COMPRAo.STAFF. Colección General aC0bPEPRU a1 a818.5402 C79wDEWEYc33302i51574f2021-11-5g5lCCODEBUL1mBULp10.00r0sYtBOOKu2015-6-24xBIBLIOTECAPP350COMPRAo.STAFF. Colección Generald33302 81gALBERTO SANCHEZ Responsable de Automatización r2025-12-03 00:00:00i6l0o818.5402 C79p51574te1v15.00w2015-06-24xFTyBKzinventario-2023-12-13102ddc50708GENfP35aBULbBULcGENd2015-06-24eCOMPRAg10.00